| 000 | 00340nam a2200109Ia 4500 | ||
|---|---|---|---|
| 008 | 220214s9999 xx 000 0 und d | ||
| 245 | 0 | _aEuropean Union running network for environmentally friendly production of rubber compounding | |
| 260 |
_bNo information _c2001 |
||
| 300 | _a27-28 | ||
| 520 | _aSee earthquake articles file | ||
| 942 | _cRE | ||
| 999 |
_c46620 _d46620 |
||